Bhutan Cultural Atlas : Zhemgang District (Record no. 8645)
[ view plain ]
| 000 -LEADER | |
|---|---|
| fixed length control field | 00353nam a22001217a 4500 |
| 008 - FIXED-LENGTH DATA ELEMENTS--GENERAL INFORMATION | |
| fixed length control field | 210303b ||||| |||| 00| 0 eng d |
| 020 ## - INTERNATIONAL STANDARD BOOK NUMBER | |
| International Standard Book Number | 9789998037052 |
| 082 ## - DEWEY DECIMAL CLASSIFICATION NUMBER | |
| Classification number | 954.98 BHU |
| 245 ## - TITLE STATEMENT | |
| Title | Bhutan Cultural Atlas : Zhemgang District |
| 260 ## - PUBLICATION, DISTRIBUTION, ETC. | |
| Place of publication, distribution, etc. | Trongsa : |
| Name of publisher, distributor, etc. | College of Language and Culture Studies, |
| Date of publication, distribution, etc. | 2019. |
| 300 ## - PHYSICAL DESCRIPTION | |
| Extent | 104 p. |
| Other physical details | ill, |
| Dimensions | 27 cm. |
| 942 ## - Added entry Elements (Koha) | |
| Source of classification or shelving scheme | Dewey Decimal Classification |
| Withdrawn status | Lost status | Source of classification or shelving scheme | Damaged status | Not for loan | Collection code | Home library | Current library | Shelving location | Date acquired | Serial Enumeration / chronology | Total Checkouts | Full call number | Barcode | Date last seen | Price effective from | Koha item type | Date last checked out |
|---|---|---|---|---|---|---|---|---|---|---|---|---|---|---|---|---|---|
| Dewey Decimal Classification | Main TEST | RTC Library | RTC Library | Main opac | 03/03/2021 | 14910 | 954.98 BHU | 30014246 | 03/03/2021 | 03/03/2021 | Main | ||||||
| Dewey Decimal Classification | Main TEST | RTC Library | RTC Library | Main opac | 03/03/2021 | 14908 | 2 | 954.98 BHU | 30014087 | 03/06/2022 | 03/03/2021 | Main | 21/03/2022 | ||||
| Dewey Decimal Classification | Main TEST | RTC Library | RTC Library | Main opac | 03/03/2021 | 14909 | 954.98 BHU | 30014070 | 03/03/2021 | 03/03/2021 | Main | ||||||
| Dewey Decimal Classification | CE Textbook | RTC Library | RTC Library | CE Textbook | 13/12/2022 | 17576 | 954.98 BHU c.2 | 30016562 | 13/12/2022 | 13/12/2022 | CE Textbook |